Vida de Pizarro
Gespeichert in:
| 1. Verfasser: | |
|---|---|
| Format: | Buch |
| Sprache: | Spanisch |
| Erschienen: |
Barcelona :
Seix & Barral,
1927
|
| Katalog: | MANES: Suchergebnis im Bibliothekskatalog |
| Schulbuchspezifische Eigenschaften: |
|
| Schriftenreihe: | Vidas de grandes hombres
|
| Schlagworte: | |
| Tags: |
Tag hinzufügen
Keine Tags, Fügen Sie den ersten Tag hinzu!
|
| Hinzugefügt zu: | 01.09.1997 |
| Geändert in: | 07.05.2025 |
MARC
| LEADER | 00000cam a2200000 i 4500 | ||
|---|---|---|---|
| 003 | OSt | ||
| 005 | 20250507134358.0 | ||
| 008 | 970902s1927 espa 000 0bspa d | ||
| 040 | |a uned |b spa |c centro-manes | ||
| 100 | 1 | |a Montoliu, Manuel de | |
| 245 | 1 | 0 | |a Vida de Pizarro / |c por Manuel de Montoliu |
| 260 | |a Barcelona : |b Seix & Barral, |c 1927 | ||
| 300 | |a 126 p., [7] h. de lám. : |b il. | ||
| 490 | 0 | |a Vidas de grandes hombres | |
| 546 | |a España | ||
| 561 | |5 es-BUNED |3 8Infantil 439 |a España. Fondo Manes UNED |k MANES | ||
| 600 | 1 | 7 | |a Pizarro, Francisco |2 UNEDSUB |9 37086 |
| 690 | 0 | |a EyL | |
| 691 | 0 | |a PRI | |
| 942 | |2 ddc |c BK | ||
| 999 | |c 93073 |d 93073 | ||
| 999 | |c manes:93073 |d 93073 | ||